Chick Flicks in Other Words Quiz Stats

Quiz Updated Jun 12, 2018

Also try: Horse Movies
Challenge
Share
Tweet
Embed
Score 0/36 Timer 10:00
0 Plays Today
Other Words Chick Flick % Correct
My Large Rotund Mediterranean Matrimonial CeremonyMy Big Fat Greek Wedding
87.5%
Almost a Dozen Aspects of You That I Detest10 Things I Hate About You
87.4%
Insomniac in WashingtonSleepless in Seattle
87%
You Have Received a LetterYou've Got Mail
86%
The JournalThe Notebook
85.9%
Morning Meal at a Jewelry StoreBreakfast at Tiffany's
85.4%
Filthy JitterbuggingDirty Dancing
85.4%
Fair Haired by LawLegally Blonde
84.1%
Seven and One-Score Gowns27 Dresses
83.1%
The Nuptials of My Greatest PalMy Best Friend's Wedding
81.4%
Instructions on Ending a Relationship in a Week and a HalfHow to Lose a Guy in 10 Days
81.3%
Facial Expression of a Famous PaintingMona Lisa Smile
80.1%
Beautiful FemalePretty Woman
79.5%
During the Time You Were UnconsciousWhile You Were Sleeping
79.4%
An Unforgettable StrollA Walk to Remember
77.8%
Unkind Young WomenMean Girls
77.2%
Cute in RosePretty in Pink
76.8%
Parisian Lip-lockFrench Kiss
74.9%
Other Words Chick Flick % Correct
Pleasant Southern State DwellingSweet Home Alabama
72.7%
Passion TaleLove Story
72.3%
Amor, As a Matter of FactLove Actually
72.1%
In Addition, I Have Amorous Feelings for YouPS I Love You
70%
The Heir to the Throne and IThe Prince and Me
69.8%
Mail to a Shakespearean HeroineLetters to Juliet
68.8%
That Girl is the GuyShe's the Man
68.4%
Melody and WordsMusic and Lyrics
67.4%
Pretension and BigotryPride and Prejudice
67.2%
Exactly My Good FortuneJust My Luck
64.3%
Possessing Virgin LipsNever Been Kissed
61%
No Idea WhatsoeverClueless
60.8%
Iron FlowersSteel Magnolias
58.7%
Nicest ContestantMiss Congeniality
56.8%
The VacationThe Holiday
51.1%
Salutations, JackDear John
47.2%
Very Similar to ParadiseJust Like Heaven
43.1%
Magical Italian DishMystic Pizza
36%

You're not logged in!

Compare scores with friends on all Sporcle quizzes.
Join for Free
OR
Log In

You Might Also Like...

Show Comments

Extras

Top Quizzes Today


Score Distribution

Your Account Isn't Verified!

In order to create a playlist on Sporcle, you need to verify the email address you used during registration. Go to your Sporcle Settings to finish the process.

Report this User

Report this user for behavior that violates our Community Guidelines.

Details: